000 00544nam a22001937a 4500
003 KOHA_MİRAKIL
005 20251003145545.0
008 251003b tu ||||| |||| 00| 0 tur d
020 _a9786053757825
040 _aTR-AnABB
_btur
_cTR-AnABB
041 _atur
082 _a828.334
_bMAR 2021
100 1 _aTwain, Mark,
245 1 0 _aAdem ile Havva’nın güncesi /
_cMark Twain
260 _aİstanbul :
_bİthaki Yayınları,
_c2021
300 _a178 sayfa ;
_c19 cm
650 0 4 _aAmerikan edebiyatı, roman
942 _2ddc
_cBK
999 _c9074
_d9074
900 _bGizem YORULMAZ